000
00327nam a2200145Ia 4500
008
230312s9999||||xx |||||||||||||| ||und||
020
_a
0-7063-7655-2
082
_a
720.19
_b
LOC-C
100
_a
Lock Ward
245
0
_a
Creating a Home
260
_b
PTY
_a
London
_c
1997
300
_a
96
650
_a
Architecture
942
_c
BK
999
_c
11652
_d
11652